Distribution of Thyrotropin Releasing Hormone Receptor in Rats: An Immunohistochemical Study

Bibliographic Details
Main Authors: Sobue, G. (Author), Sugie, I. (Author), Sakai, J. (Author), Adachi, K. (Author), Kayama, M. (Author), Rhue, N. (Author), Mitsuma, T. (Author), Nogimori, T. (Author), Hirooka, Y. (Author), Yokoi, Y. (Author)
Format: Article
Language:English

MARC

LEADER 00000nab a2200000uu 4500
001 vtls010891277
003 SK-MaSNL
005 20260303135548.0
008 230218|1995 xo |||||||||||||||||eng|
015 |a SNBRB 
035 |a (urnnbn)urn:nbn:sk:snk:ar-0063va 
035 |a (uuid)db020cdc-3d05-4c39-a112-f0f88197f8c0 
035 |a urn:nbn:sk:snk-ab8l3q 
040 |a SNKBUCL  |b slo  |c SNKBUCL  |e AACR2 
041 0 |a eng 
044 |a xo  |c SK 
100 1 |a Sobue, G.  |4 aut  |9 1157091 
245 1 0 |a Distribution of Thyrotropin Releasing Hormone Receptor in Rats: An Immunohistochemical Study  |c G. Sobue, I. Sugie, J. Sakai, K. Adachi, M. Kayama, N. Rhue, T. Mitsuma, T. Nogimori, Y. Hirooka, Y. Yokoi 
700 1 |a Sugie, I.  |4 aut  |9 1157092 
700 1 |a Sakai, J.  |4 aut  |9 1146589 
700 1 |a Adachi, K.  |4 aut  |9 1146335 
700 1 |a Kayama, M.  |4 aut  |9 1146339 
700 1 |a Rhue, N.  |4 aut  |9 1146592 
700 1 |a Mitsuma, T.  |4 aut  |9 945696 
700 1 |a Nogimori, T.  |4 aut  |9 945698 
700 1 |a Hirooka, Y.  |4 aut  |9 945700 
700 1 |a Yokoi, Y.  |4 aut  |9 1157093 
773 0 |t Endocrine regulations  |g Roč. 29, č. 3 (1995), s. 129-134 
958 |a OND 
958 |a EUIPO 
958 |a article10 
999 |c 1966539  |d 1968469